[Event "SUI-chT"]
[Site "Switzerland"]
[Date "2023.06.25"]
[Round "5.4"]
[White "Bayer, Ernst Wolfgang"]
[Black "Renet, Olivier"]
[Result "0-1"]
[WhiteElo "2216"]
[BlackElo "2473"]
[PlyCount "78"]
[EventDate "2023.04.16"]
[EventType "team-tourn"]
[EventRounds "9"]
[EventCountry "SUI"]
[SourceTitle "EXT 2024"]
[Source "ChessBase"]
[SourceDate "2023.10.10"]
[SourceVersion "1"]
[SourceVersionDate "2023.10.10"]
[SourceQuality "1"]
[WhiteTeam "Trubschachen"]
[BlackTeam "Riehen"]
[WhiteTeamCountry "SUI"]
[BlackTeamCountry "SUI"]

1. Nf3 d5 2. d4 Nf6 3. g3 Bf5 4. c4 e6 5. Qb3 Nc6 6. cxd5 Qxd5 7. Qxd5 exd5 8. Bg2 Nb4 9. Na3 Bd6 10. 0-0 h6 11. Bd2 c6 12. Rfc1 a5 13. Ne1 0-0 14. Nac2 Nxc2 15. Nxc2 Rfe8 16. Ne3 Bg6 17. Kf1 Ne4 18. Be1 f5 19. Nd1 f4 20. f3 Ng5 21. Bf2 Re7 22. g4 Rae8 23. Nc3 Bb4 24. Re1 Nf7 25. a3 Bxc3 26. bxc3 Nd6 27. Ra2 a4 28. Kg1 Nb5 29. Rc1 Rxe2 30. Rxe2 Rxe2 31. Bf1 Ra2 32. c4 Nxa3 33. cxd5 cxd5 34. Rc5 b5 35. Rxd5 b4 36. Rd8+ Kh7 37. Bh4 b3 38. Rd7 b2 39. Bf6 Kg8 0-1

[Event "BL2-West 1718"]
[Site "Germany"]
[Date "2018.02.25"]
[Round "7.5"]
[White "Gohil, Harry"]
[Black "Bayer, Ernst Wolfgang"]
[Result "1-0"]
[WhiteElo "2254"]
[BlackElo "2252"]
[PlyCount "57"]
[EventDate "2017.10.08"]
[EventType "team-tourn"]
[EventRounds "9"]
[EventCountry "GER"]
[SourceTitle "CBM 183 Extra"]
[Source "ChessBase"]
[SourceDate "2018.04.19"]
[SourceVersion "1"]
[SourceVersionDate "2018.04.19"]
[SourceQuality "1"]
[WhiteTeam "Schott Mainz"]
[BlackTeam "Koeln SF"]
[WhiteTeamCountry "GER"]
[BlackTeamCountry "GER"]

1. d4 f5 2. Bg5 g6 3. Nc3 Bg7 4. e4 fxe4 5. Nxe4 d5 6. Nc3 Nh6 7. Qd2 Nf7 8. Bf4 c6 9. h4 Nd7 10. Nf3 Nf6 11. Bd3 Bf5 12. Ng5 Nxg5 13. hxg5 Ne4 14. Bxe4 dxe4 15. Be5 Bxe5 16. dxe5 Qa5 17. 0-0-0 Qxe5 18. Qe3 0-0 19. f3 Qe6 20. Rhe1 Qe5 21. g4 Bc8 22. Nxe4 Qe6 23. Nc3 Qf7 24. Rd3 e6 25. Ne4 Qe7 26. Nf6+ Rxf6 27. gxf6 Qxf6 28. Qe5 Qf7 29. Rd8+ 1-0

[Event "BL2-West 1718"]
[Site "Germany"]
[Date "2017.12.10"]
[Round "4.6"]
[White "Ackermann, Hans Werner"]
[Black "Bayer, Ernst Wolfgang"]
[Result "0-1"]
[WhiteElo "2290"]
[BlackElo "2252"]
[PlyCount "190"]
[EventDate "2017.10.08"]
[EventType "team-tourn"]
[EventRounds "9"]
[EventCountry "GER"]
[SourceTitle "CBM 183 Extra"]
[Source "ChessBase"]
[SourceDate "2018.04.19"]
[SourceVersion "1"]
[SourceVersionDate "2018.04.19"]
[SourceQuality "1"]
[WhiteTeam "Dortmund Hansa"]
[BlackTeam "Koeln SF"]
[WhiteTeamCountry "GER"]
[BlackTeamCountry "GER"]

1. Nf3 d5 2. g3 c6 3. Bg2 Nf6 4. 0-0 Bf5 5. d3 h6 6. Nbd2 e6 7. a4 a5 8. c3 Nbd7 9. Re1 Bc5 10. Nd4 Bg6 11. e4 dxe4 12. dxe4 e5 13. N4b3 0-0 14. Nc4 Be7 15. Qc2 Qc7 16. h3 Nc5 17. Nxc5 Bxc5 18. Qe2 Qe7 19. Be3 Nd7 20. g4 Rfd8 21. Bd2 Nf8 22. Red1 Qc7 23. Be1 Ne6 24. Rxd8+ Rxd8 25. Bd2 f6 26. Bc1 Bf7 27. Bf3 Rd7 28. Kh2 Qd8 29. Bg2 Ba7 30. Ne3 Nf4 31. Qc2 Nd3 32. Bf1 Nxc1 33. Qxc1 Rd2 34. Kg1 Kf8 35. b4 axb4 36. cxb4 Qd4 37. Ra3 Qxb4 38. a5 Bc5 39. Rc3 Bxe3 40. fxe3 Rb2 41. a6 bxa6 42. Rxc6 Be8 43. Rc8 Qb6 44. Ra8 Rb1 45. Qa3+ Kf7 46. Kf2 Qb2+ 47. Qxb2 Rxb2+ 48. Kg3 Bb5 49. Ra7+ Kg6 50. Bg2 Re2 51. Kf3 Ra2 52. Kg3 Re2 53. Kf3 Rd2 54. Kg3 Rd7 55. Ra8 Kf7 56. h4 Ke7 57. Bf3 Rd8 58. Ra7+ Rd7 59. Ra8 Rc7 60. Bd1 Kd6 61. Kf3 Kc5 62. Bb3 Kb4 63. Bd5 a5 64. g5 hxg5 65. hxg5 fxg5 66. Kg4 a4 67. Kxg5 Bc6 68. Rb8+ Bb5 69. Ra8 Kc3 70. Kf5 Re7 71. Be6 Kb4 72. Bd5 Bd7+ 73. Kg5 Be6 74. Ra6 Bc8 75. Rc6 Bh3 76. Rb6+ Kc5 77. Rb8 Bf1 78. Kf5 Bd3 79. Rc8+ Kb4 80. Rb8+ Ka3 81. Ra8 Bc2 82. Bc6 Bb3 83. Bxa4 Bxa4 84. Ra5 Kb4 85. Rxe5 Bd7+ 86. Kf4 Rxe5 87. Kxe5 Kc5 88. Kf4 Kd6 89. Kg5 Be8 90. Kf5 Ke7 91. e5 g6+ 92. Ke4 Bc6+ 93. Kf4 Ke6 94. Kg5 Be4 95. Kf4 Bd3 0-1

[Event "Oberliga NRW 1617"]
[Site "Germany"]
[Date "2016.12.11"]
[Round "4.5"]
[White "Bayer, Ernst Wolfgang"]
[Black "Hemmann, Arnold"]
[Result "0-1"]
[WhiteElo "2273"]
[BlackElo "2167"]
[PlyCount "120"]
[EventDate "2016.09.25"]
[EventType "team-tourn"]
[EventRounds "9"]
[EventCountry "GER"]
[SourceTitle "EXT 2020"]
[Source "ChessBase"]
[SourceDate "2019.10.17"]
[SourceVersion "1"]
[SourceVersionDate "2019.10.17"]
[SourceQuality "1"]
[WhiteTeam "Koeln SF"]
[BlackTeam "Godesberg"]
[WhiteTeamCountry "GER"]
[BlackTeamCountry "GER"]

1. Nf3 c5 2. b3 b6 3. Bb2 Bb7 4. c4 Nf6 5. e3 e6 6. d4 cxd4 7. Nxd4 a6 8. Nd2 Nc6 9. Nc2 Be7 10. Be2 0-0 11. e4 Qc7 12. Rc1 Qf4 13. g3 Qh6 14. 0-0 d6 15. Re1 Rfd8 16. Ne3 Qg6 17. Bf1 Ne5 18. f3 h5 19. Ng2 Nfd7 20. f4 Ng4 21. Bd3 Bf6 22. Qc2 Nc5 23. Bxf6 Qxf6 24. Nf3 Rac8 25. Bf1 Qe7 26. Ng5 g6 27. Nh4 Qf6 28. Rcd1 e5 29. Qd2 exf4 30. Qxf4 Qxf4 31. gxf4 Kg7 32. Bg2 f6 33. Nh3 b5 34. b4 Na4 35. cxb5 axb5 36. Nf3 Nc3 37. Rd3 Nxe4 38. Nd4 Re8 39. Nxb5 Rc2 40. Nxd6 Nxd6 41. Rxe8 Rxg2+ 42. Kf1 Nxe8 43. Rd7+ Kf8 44. Rxb7 Rxh2 45. Ng1 Rxa2 46. Ne2 Nd6 47. Rb8+ Kf7 48. b5 Rb2 49. Nd4 Ne3+ 50. Ke1 Nc2+ 51. Nxc2 Rxc2 52. b6 Rb2 53. Kd1 Ke6 54. Kc1 Rb4 55. Kc2 Rxf4 56. Kc3 Rc4+ 57. Kb3 Rc1 58. Kb4 h4 59. Rh8 g5 60. Rh7 Kd5 0-1

[Event "Oberliga NRW 1617"]
[Site "Germany"]
[Date "2016.10.23"]
[Round "2.5"]
[White "Bayer, Ernst Wolfgang"]
[Black "Kummerow, Heiko"]
[Result "1-0"]
[WhiteElo "2273"]
[BlackElo "2266"]
[PlyCount "93"]
[EventDate "2016.09.25"]
[EventType "team-tourn"]
[EventRounds "9"]
[EventCountry "GER"]
[SourceTitle "EXT 2020"]
[Source "ChessBase"]
[SourceDate "2019.10.17"]
[SourceVersion "1"]
[SourceVersionDate "2019.10.17"]
[SourceQuality "1"]
[WhiteTeam "Koeln SF"]
[BlackTeam "Oberhausen"]
[WhiteTeamCountry "GER"]
[BlackTeamCountry "GER"]

1. Nf3 Nf6 2. g3 g6 3. b3 Bg7 4. Bb2 0-0 5. c4 d6 6. d4 c5 7. Bg2 cxd4 8. Nxd4 d5 9. cxd5 Nxd5 10. 0-0 Nc7 11. Na3 Qd7 12. Rc1 Rd8 13. Qc2 Ne6 14. Nxe6 Qxe6 15. Bxg7 Kxg7 16. Qc7 Re8 17. Bxb7 Bxb7 18. Qxb7 Nd7 19. Rfd1 Nf6 20. Qf3 Qa6 21. b4 Rab8 22. b5 Qe6 23. Rc2 Rec8 24. Rdc1 Rxc2 25. Rxc2 Qd6 26. Qd3 Qe6 27. Qc4 Qd6 28. Qc7 Qd1+ 29. Kg2 Rd8 30. Qxe7 Rd7 31. Qe5 Rd5 32. Qb2 Rf5 33. f3 h5 34. Rc1 Qd7 35. e4 Re5 36. Rc6 h4 37. Rxf6 h3+ 38. Kf2 Kh7 39. Rc6 Qd1 40. Rc1 Qd8 41. Qc3 Qd7 42. Rc2 Re6 43. Rd2 Rd6 44. Rxd6 Qxd6 45. Nc2 Qd1 46. Ne1 Qb1 47. Qb3 1-0

[Event "Mittelrhein Regionalliga 15/16"]
[Site "Nordrheinwestfalen"]
[Date "2016.03.13"]
[Round "8.1"]
[White "Gerusel, Mathias"]
[Black "Bayer, Ernst Wolfgang"]
[Result "0-1"]
[WhiteElo "2144"]
[BlackElo "2199"]
[PlyCount "66"]
[EventDate "2015.09.27"]
[EventType "team-tourn"]
[EventRounds "9"]
[EventCountry "GER"]
[SourceTitle "EXT 2022"]
[Source "ChessBase"]
[SourceDate "2021.10.06"]
[SourceVersion "1"]
[SourceVersionDate "2021.10.06"]
[SourceQuality "1"]
[WhiteTeam "Godesberg III"]
[BlackTeam "Koeln SF II"]
[WhiteTeamCountry "GER"]
[BlackTeamCountry "GER"]

1. d4 d6 2. c4 f5 3. Nf3 Nf6 4. g3 g6 5. b4 Bg7 6. Bb2 e5 7. dxe5 Nfd7 8. Bg2 dxe5 9. Nbd2 Qe7 10. Qb3 c5 11. b5 e4 12. Ng5 Ne5 13. h4 Nbd7 14. 0-0-0 Nb6 15. f3 h6 16. Nh3 Be6 17. Bxe5 Bxe5 18. Nf4 Bf7 19. fxe4 fxe4 20. Bxe4 0-0-0 21. Nd5 Bxd5 22. Bxd5 Bd4 23. e4 Rhf8 24. Rhf1 g5 25. Nf3 Bg7 26. hxg5 hxg5 27. Qe3 g4 28. Qg5 Qxg5+ 29. Nxg5 Bh6 30. Be6+ Kc7 31. Rxf8 Rxf8 32. Bxg4 Bxg5+ 33. Kc2 Nxc4 0-1

[Event "Mittelrhein Regionalliga 15/16"]
[Site "Nordrheinwestfalen"]
[Date "2015.09.27"]
[Round "1.1"]
[White "Haag, Martin"]
[Black "Bayer, Ernst Wolfgang"]
[Result "0-1"]
[WhiteElo "2253"]
[BlackElo "2199"]
[PlyCount "42"]
[EventDate "2015.09.27"]
[EventType "team-tourn"]
[EventRounds "9"]
[EventCountry "GER"]
[SourceTitle "EXT 2022"]
[Source "ChessBase"]
[SourceDate "2021.10.06"]
[SourceVersion "1"]
[SourceVersionDate "2021.10.06"]
[SourceQuality "1"]
[WhiteTeam "Bonn Beuel"]
[BlackTeam "Koeln SF II"]
[WhiteTeamCountry "GER"]
[BlackTeamCountry "GER"]

1. d4 e6 2. c4 f5 3. Nc3 Nf6 4. f3 d5 5. Nh3 c6 6. Bf4 dxc4 7. e4 b5 8. Be2 Bb4 9. 0-0 0-0 10. Nf2 a6 11. Qd2 Bb7 12. Qe3 Nbd7 13. a3 Ba5 14. Bd6 Rf7 15. Rad1 Bb6 16. f4 Ne8 17. Be5 Nxe5 18. fxe5 Rd7 19. exf5 exf5 20. Bf3 Rxd4 21. Qe2 Qe7 0-1

[Event "Mittelrhein Regionalliga 1415"]
[Site "Mittelrhein"]
[Date "2015.02.01"]
[Round "6.1"]
[White "Bayer, Ernst Wolfgang"]
[Black "Gerusel, Mathias"]
[Result "1-0"]
[WhiteElo "2197"]
[BlackElo "2167"]
[PlyCount "85"]
[EventDate "2014.09.28"]
[EventType "team-tourn"]
[EventRounds "9"]
[EventCountry "GER"]
[SourceTitle "EXT 2023"]
[Source "ChessBase"]
[SourceDate "2022.10.05"]
[SourceVersion "1"]
[SourceVersionDate "2022.10.05"]
[SourceQuality "1"]
[WhiteTeam "Klub Koelner SF II"]
[BlackTeam "Godesberg III"]
[WhiteTeamCountry "GER"]
[BlackTeamCountry "GER"]

1. d4 Nf6 2. Nf3 e6 3. g3 b6 4. Bg2 Bb7 5. 0-0 c5 6. c4 cxd4 7. b3 Be7 8. Bb2 0-0 9. Qxd4 Nc6 10. Qf4 Qb8 11. Nc3 Qxf4 12. gxf4 Na5 13. Rfd1 d5 14. cxd5 Nxd5 15. Nxd5 Bxd5 16. Rac1 Rac8 17. Ne5 Bxg2 18. Kxg2 f6 19. Nf3 Rxc1 20. Rxc1 Bd6 21. e3 Nb7 22. Rc6 Rf7 23. Nd4 Rc7 24. Rxc7 Bxc7 25. Nxe6 Bd6 26. Kf3 Kf7 27. Nd4 Bc5 28. Ke4 Bxd4 29. Bxd4 Ke6 30. f5+ Kd6 31. Bb2 Kc5 32. Ba3+ Kc6 33. Bf8 Nc5+ 34. Bxc5 Kxc5 35. f4 a5 36. Kd3 b5 37. a3 g6 38. fxg6 hxg6 39. e4 g5 40. fxg5 fxg5 41. h3 b4 42. a4 Kd6 43. Kd4 1-0

[Event "Mittelrhein Regionalliga 1415"]
[Site "Mittelrhein"]
[Date "2014.12.07"]
[Round "4.2"]
[White "Lindam, Ingo"]
[Black "Bayer, Ernst Wolfgang"]
[Result "1-0"]
[WhiteElo "2067"]
[BlackElo "2197"]
[PlyCount "71"]
[EventDate "2014.09.28"]
[EventType "team-tourn"]
[EventRounds "9"]
[EventCountry "GER"]
[SourceTitle "EXT 2023"]
[Source "ChessBase"]
[SourceDate "2022.10.05"]
[SourceVersion "1"]
[SourceVersionDate "2022.10.05"]
[SourceQuality "1"]
[WhiteTeam "Koeln Lasker"]
[BlackTeam "Klub Koelner SF II"]
[WhiteTeamCountry "GER"]
[BlackTeamCountry "GER"]

1. d4 f5 2. e4 fxe4 3. Nc3 Nf6 4. Bg5 Nc6 5. d5 Ne5 6. Qe2 Nf7 7. h4 c6 8. 0-0-0 cxd5 9. Bxf6 gxf6 10. Nxd5 e6 11. Qxe4 f5 12. Qe1 Bh6+ 13. Kb1 0-0 14. Ne3 Bg7 15. Nf3 d5 16. Bd3 b5 17. c3 Rb8 18. g4 f4 19. Nc2 Qb6 20. Ng5 h6 21. Nh7 b4 22. cxb4 Ne5 23. Nxf8 Kxf8 24. Qd2 f3 25. Rhe1 Qd6 26. g5 h5 27. Qf4+ Ke7 28. Re3 Bd7 29. Rde1 Rf8 30. Qd4 Nxd3 31. Qxd3 Qf4 32. Qxd5 Qf5 33. Qb7 Rc8 34. Rxe6+ Kd8 35. Re8+ Bxe8 36. Qe7# 1-0

[Event "Oberliga NRW 1415"]
[Site "Germany"]
[Date "2014.09.14"]
[Round "1.6"]
[White "Wagenknecht, Uwe"]
[Black "Bayer, Ernst Wolfgang"]
[Result "1/2-1/2"]
[WhiteElo "2148"]
[BlackElo "2197"]
[PlyCount "118"]
[EventDate "2014.09.14"]
[EventType "team-tourn"]
[EventRounds "9"]
[EventCountry "GER"]
[SourceTitle "EXT 2017"]
[Source "ChessBase"]
[SourceDate "2016.10.25"]
[SourceVersion "1"]
[SourceVersionDate "2016.10.25"]
[SourceQuality "1"]
[WhiteTeam "Koeln Porz II"]
[BlackTeam "Koeln SF"]
[WhiteTeamCountry "GER"]
[BlackTeamCountry "GER"]

1. e4 c5 2. Nc3 a6 3. a4 e6 4. Nge2 b6 5. g3 Bb7 6. Bg2 Nf6 7. 0-0 d6 8. d3 Qc7 9. h3 Be7 10. Be3 Nc6 11. Qd2 Nb4 12. d4 cxd4 13. Nxd4 0-0 14. Rfd1 d5 15. exd5 Nbxd5 16. Nxd5 Nxd5 17. Nf5 Bf6 18. Bd4 Rfd8 19. c4 Bxd4 20. cxd5 Bc5 21. b4 Bxd5 22. bxc5 Bxg2 23. cxb6 Qxb6 24. Qc3 exf5 25. Kxg2 g6 26. Rab1 Qe6 27. Rd4 Rac8 28. Qd3 Rxd4 29. Qxd4 Qc4 30. Rb4 Qc6+ 31. Kh2 a5 32. Rb5 Qc7 33. Rd5 Re8 34. h4 h5 35. Kg2 Kh7 36. Rd7 Qc6+ 37. Qd5 Qxd5+ 38. Rxd5 Ra8 39. Kf3 Kg7 40. Rb5 Ra7 41. Ke3 Kf6 42. Kf4 Kg7 43. Rc5 Kf6 44. Rb5 Ke6 45. Kg5 Ke7 46. Re5+ Kf8 47. Kf4 Ra8 48. Rb5 Ke7 49. Kg5 Ke6 50. Kf4 f6 51. Ke3 g5 52. f4 gxh4 53. gxh4 Ra7 54. Rb6+ Kf7 55. Rb5 Kg6 56. Kf3 Ra8 57. Rc5 Rb8 58. Rxa5 Rb3+ 59. Kg2 Rb2+ 1/2-1/2

[Event "BL2-West 1112"]
[Site "Germany"]
[Date "2012.01.15"]
[Round "5.6"]
[White "Bayer, Ernst Wolfgang"]
[Black "Buchenau, Frank"]
[Result "0-1"]
[WhiteElo "2300"]
[BlackElo "2261"]
[PlyCount "110"]
[EventDate "2011.10.02"]
[EventType "team-tourn"]
[EventRounds "9"]
[EventCountry "GER"]
[SourceTitle "EXT 2015"]
[Source "ChessBase"]
[SourceDate "2014.11.20"]
[SourceVersion "1"]
[SourceVersionDate "2014.11.20"]
[SourceQuality "1"]
[WhiteTeam "Koeln SF"]
[BlackTeam "Goettingen Tempo"]
[WhiteTeamCountry "GER"]
[BlackTeamCountry "GER"]

1. Nf3 Nf6 2. g3 b6 3. Bg2 Bb7 4. 0-0 e6 5. d4 Be7 6. c4 0-0 7. Nc3 Ne4 8. Qc2 Nxc3 9. Qxc3 f5 10. b3 Bf6 11. Bb2 Nc6 12. Qd2 Ne7 13. Rac1 a5 14. Rfd1 h6 15. Bc3 d6 16. c5 Be4 17. cxb6 cxb6 18. Bb2 b5 19. Ne1 Qb6 20. Bxe4 fxe4 21. Qc2 Bg5 22. e3 d5 23. Qc5 Qa6 24. Qc2 Rf7 25. h4 Bf6 26. Qe2 Nf5 27. Ng2 g5 28. h5 b4 29. Rd2 a4 30. Qd1 a3 31. Ba1 Rc8 32. Rdc2 Rff8 33. Qf1 Qxf1+ 34. Kxf1 Rxc2 35. Rxc2 Nxg3+ 36. fxg3 Bxd4+ 37. Kg1 Bxa1 38. Rc6 Rf6 39. Ne1 Bc3 40. Nc2 Kf7 41. Nxa3 Rf3 42. Nc2 Rxg3+ 43. Kf2 Rf3+ 44. Kg2 g4 45. a3 g3 46. Nxb4 Bxb4 47. axb4 Rxe3 48. Rc8 Rxb3 49. Rh8 d4 50. Rxh6 e3 51. Kf3 Rb2 52. Rh7+ Kg8 53. Ra7 g2 54. Ra1 Rf2+ 55. Kg3 d3 0-1

[Event "BL2-West 1112"]
[Site "Germany"]
[Date "2011.10.23"]
[Round "2.5"]
[White "Bayer, Ernst Wolfgang"]
[Black "Mertens, Heiko"]
[Result "1/2-1/2"]
[WhiteElo "2300"]
[BlackElo "2354"]
[PlyCount "107"]
[EventDate "2011.10.02"]
[EventType "team-tourn"]
[EventRounds "9"]
[EventCountry "GER"]
[SourceTitle "EXT 2015"]
[Source "ChessBase"]
[SourceDate "2014.11.20"]
[SourceVersion "1"]
[SourceVersionDate "2014.11.20"]
[SourceQuality "1"]
[WhiteTeam "Koeln SF"]
[BlackTeam "Godesberg"]
[WhiteTeamCountry "GER"]
[BlackTeamCountry "GER"]

1. Nf3 Nf6 2. g3 b6 3. Bg2 Bb7 4. d4 c5 5. dxc5 bxc5 6. c4 g6 7. b3 Bg7 8. Bb2 0-0 9. 0-0 d6 10. Nc3 Nbd7 11. Qc2 Qc7 12. Rad1 Rad8 13. Rfe1 Rfe8 14. e4 Qb8 15. Nd5 e6 16. Nc3 Ng4 17. Nb5 Nde5 18. Nd2 a6 19. Na3 Nd3 20. Qxd3 Bxb2 21. Nc2 Ne5 22. Qe3 Nc6 23. Nf3 Bg7 24. Qf4 Qc7 25. h4 Ne5 26. Nh2 Qa5 27. a3 Qc3 28. Qd2 Qxd2 29. Rxd2 Kf8 30. f4 Nc6 31. Rb1 a5 32. a4 Nd4 33. Na3 f5 34. exf5 Bxg2 35. Kxg2 Nxf5 36. Nb5 d5 37. g4 Nd4 38. Nf3 Nxf3 39. Kxf3 dxc4 40. Rxd8 Rxd8 41. bxc4 Rd3+ 42. Ke4 Rd7 43. Rb3 Rd1 44. Nc7 Kf7 45. Rb6 Re1+ 46. Kd3 h5 47. g5 Bd4 48. Rb7 Kg8 49. Nb5 Bf2 50. Rb8+ Kf7 51. Rb7+ Kf8 52. Rb8+ Ke7 53. Rb7+ Kf8 54. Rb8+ 1/2-1/2

[Event "BL2-West 1011"]
[Site "Germany"]
[Date "2010.11.14"]
[Round "3.5"]
[White "Bayer, Ernst Wolfgang"]
[Black "Weber, Ulrich"]
[Result "1-0"]
[WhiteElo "2289"]
[BlackElo "2413"]
[PlyCount "121"]
[EventDate "2010.10.10"]
[EventType "team-tourn"]
[EventRounds "9"]
[EventCountry "GER"]
[SourceTitle "EXT 2012"]
[Source "ChessBase"]
[SourceDate "2011.11.24"]
[SourceVersion "1"]
[SourceVersionDate "2011.11.24"]
[SourceQuality "1"]
[WhiteTeam "Koeln SF"]
[BlackTeam "Hofheim"]
[WhiteTeamCountry "GER"]
[BlackTeamCountry "GER"]

1. Nf3 Nf6 2. b3 g6 3. Bb2 Bg7 4. c4 c5 5. g3 Nc6 6. Bg2 d6 7. 0-0 e5 8. Nc3 0-0 9. h3 Ne8 10. d3 Be6 11. Qd2 h6 12. e3 Kh7 13. Kh2 f5 14. Ng1 Nc7 15. Rac1 Qd7 16. Nge2 Rab8 17. f4 b6 18. e4 Nd4 19. Nxd4 exd4 20. Nd5 Bxd5 21. cxd5 Rfe8 22. Rfe1 Re7 23. Re2 Rbe8 24. Rce1 Kg8 25. h4 Qb5 26. Bf3 Qb4 27. Qc1 fxe4 28. Bxe4 Bf6 29. Qd1 Kg7 30. Bc1 Nb5 31. Bd2 Nc3 32. Bxc3 dxc3 33. Rc2 Rxe4 34. Rxe4 Rxe4 35. dxe4 Qxe4 36. Re2 Qd4 37. Qh1 Qd3 38. Qe4 Qxe4 39. Rxe4 b5 40. Re2 a5 41. Kg2 b4 42. Kf1 c4 43. Ke1 a4 44. bxa4 b3 45. axb3 cxb3 46. Kd1 Bd4 47. Re4 Bc5 48. Rc4 c2+ 49. Kc1 Be3+ 50. Kb2 Bd2 51. a5 Bxa5 52. Kxb3 Be1 53. g4 Bxh4 54. Kxc2 Bf2 55. Re4 h5 56. gxh5 gxh5 57. Kd3 Kf6 58. Ke2 Kf5 59. Kf3 Bc5 60. Re8 Bd4 61. Re6 1-0

[Event "Oberliga NRW 0910"]
[Site "Germany"]
[Date "2009.09.20"]
[Round "1.7"]
[White "Korth, Daniel"]
[Black "Bayer, Ernst Wolfgang"]
[Result "1-0"]
[WhiteElo "2239"]
[BlackElo "2286"]
[PlyCount "73"]
[EventDate "2009.09.20"]
[EventType "team-tourn"]
[EventRounds "9"]
[EventCountry "GER"]
[SourceTitle "EXT 2011"]
[Source "ChessBase"]
[SourceDate "2010.11.26"]
[SourceVersion "1"]
[SourceVersionDate "2010.11.26"]
[SourceQuality "1"]
[WhiteTeam "Muenster"]
[BlackTeam "Koeln SF"]
[WhiteTeamCountry "GER"]
[BlackTeamCountry "GER"]

1. d4 f5 2. g3 Nf6 3. Bg2 g6 4. c3 Bg7 5. Qb3 Nc6 6. Nh3 e6 7. Nd2 d5 8. Nf4 Qe7 9. 0-0 0-0 10. e3 g5 11. Nd3 Ne4 12. f3 Nf6 13. e4 Na5 14. Qc2 h6 15. Re1 Qd8 16. b3 Nc6 17. Kh1 fxe4 18. fxe4 Ng4 19. e5 Nf2+ 20. Kg1 Nxd3 21. Qxd3 Qe8 22. Ba3 Ne7 23. Bf3 Bd7 24. Bd1 Rf5 25. Bg4 Rf8 26. Bd1 Rf5 27. Bc2 Bf8 28. g4 Rf7 29. Rf1 Nc6 30. Bxf8 Qxf8 31. Rf6 Be8 32. Raf1 Qg7 33. Rxe6 Rxf1+ 34. Nxf1 Ne7 35. Ng3 Qf7 36. Nh5 Qxe6 37. Qh7+ 1-0

[Event "NRW Class2 0809"]
[Site "Germany"]
[Date "2009.01.04"]
[Round "5.6"]
[White "Rietman, Frits"]
[Black "Bayer, Ernst Wolfgang"]
[Result "0-1"]
[WhiteElo "2252"]
[BlackElo "2280"]
[PlyCount "82"]
[EventDate "2008.09.21"]
[EventType "team-tourn"]
[EventRounds "9"]
[EventCountry "GER"]
[SourceTitle "EXT 2010"]
[Source "ChessBase"]
[SourceDate "2010.11.25"]
[SourceVersion "1"]
[SourceVersionDate "2010.11.25"]
[SourceQuality "1"]
[WhiteTeam "Emsdetten II"]
[BlackTeam "KKS"]
[WhiteTeamCountry "GER"]
[BlackTeamCountry "GER"]

1. e4 d5 2. exd5 Qxd5 3. Nc3 Qd8 4. g3 Nf6 5. Bg2 c6 6. Nf3 Bf5 7. 0-0 h6 8. b4 a6 9. Rb1 e6 10. d3 Be7 11. h3 0-0 12. a4 Nd5 13. Nxd5 cxd5 14. Bd2 Bf6 15. Rb3 Qd7 16. b5 axb5 17. axb5 Rc8 18. Bf4 Qd8 19. b6 Na6 20. Be5 Nc5 21. Rb5 Na4 22. Bxf6 Qxf6 23. Qa1 Qd8 24. Nd4 Bg6 25. f4 Ra6 26. f5 exf5 27. Rxd5 Qxb6 28. c4 f4 29. Rb5 Qa7 30. Bxb7 Nc3 31. Qxc3 Ra3 32. Qxa3 Qxa3 33. Bxc8 Qxd3 34. Nf5 fxg3 35. Ne7+ Kh7 36. Bb7 Qe3+ 37. Kh1 Be4+ 38. Bxe4+ Qxe4+ 39. Kg1 Qe3+ 40. Kh1 Qe2 41. Rg1 Qh2# 0-1

[Event "BL2-West 0405"]
[Site "Germany"]
[Date "2005.04.10"]
[Round "9.5"]
[White "Bayer, Ernst Wolfgang"]
[Black "Skulener, Wladimir"]
[Result "0-1"]
[WhiteElo "2265"]
[BlackElo "2379"]
[PlyCount "62"]
[EventDate "2004.10.13"]
[EventType "team-tourn"]
[EventRounds "9"]
[EventCountry "GER"]
[SourceTitle "EXT 2006"]
[Source "ChessBase"]
[SourceDate "2005.11.24"]
[SourceVersion "1"]
[SourceVersionDate "2005.11.24"]
[SourceQuality "1"]
[WhiteTeam "Koeln SF"]
[BlackTeam "Bergheim"]
[WhiteTeamCountry "GER"]
[BlackTeamCountry "GER"]

1. d4 d6 2. g3 f5 3. Bg2 Nf6 4. Nf3 g6 5. 0-0 Bg7 6. c4 0-0 7. Nc3 c6 8. d5 e5 9. dxe6 Bxe6 10. Qd3 Na6 11. Bf4 Ne8 12. Rad1 Nb4 13. Qe3 Bxc4 14. b3 Bf7 15. Be5 Qe7 16. Bxg7 Qxe3 17. fxe3 Kxg7 18. Ng5 d5 19. Rf4 Na6 20. g4 h6 21. Nxf7 Rxf7 22. h3 Nd6 23. gxf5 gxf5 24. Kf2 Nc5 25. Bf3 Kh7 26. Rg1 Rg7 27. Rxg7+ Kxg7 28. Ke1 Ne6 29. Ra4 a6 30. h4 b5 31. Nxb5 Nxb5 0-1

[Event "BL2-West 0405"]
[Site "Germany"]
[Date "2005.02.13"]
[Round "7.6"]
[White "Boidman, Yuri"]
[Black "Bayer, Ernst Wolfgang"]
[Result "1/2-1/2"]
[WhiteElo "2412"]
[BlackElo "2265"]
[PlyCount "208"]
[EventDate "2004.10.13"]
[EventType "team-tourn"]
[EventRounds "9"]
[EventCountry "GER"]
[SourceTitle "EXT 2006"]
[Source "ChessBase"]
[SourceDate "2005.11.24"]
[SourceVersion "1"]
[SourceVersionDate "2005.11.24"]
[SourceQuality "1"]
[WhiteTeam "Remagen"]
[BlackTeam "Koeln SF"]
[WhiteTeamCountry "GER"]
[BlackTeamCountry "GER"]

1. e4 c5 2. Nf3 e6 3. Nc3 a6 4. g3 b5 5. Bg2 Bb7 6. d3 d6 7. 0-0 Be7 8. a4 b4 9. Ne2 Bf6 10. c3 a5 11. Nf4 h5 12. h4 Ne7 13. Ng5 Bxg5 14. hxg5 g6 15. d4 Nd7 16. Re1 Qc7 17. Be3 Nb6 18. b3 e5 19. dxe5 dxe5 20. Nd5 Bxd5 21. exd5 Rd8 22. c4 0-0 23. Bh3 Rfe8 24. f4 Nexd5 25. cxd5 Nxd5 26. Qf3 exf4 27. Bxf4 Nxf4 28. gxf4 c4 29. bxc4 Qxc4 30. Bf1 Rxe1 31. Rxe1 Qc5+ 32. Qe3 Qxe3+ 33. Rxe3 Rd4 34. Re5 b3 35. Rxa5 b2 36. Rb5 Rxa4 37. Rxb2 Rxf4 38. Rb5 Kg7 39. Bd3 Rd4 40. Bb1 Rf4 41. Kg2 f6 42. Rb7+ Kf8 43. Bxg6 Rg4+ 44. Kh3 Rxg5 45. Bc2 Re5 46. Kh4 Rg5 47. Bb3 Rf5 48. Bf7 Re5 49. Bxh5 Re7 50. Rb1 Re4+ 51. Kg3 Kg7 52. Rb7+ Kh6 53. Bf3 Rd4 54. Kf2 f5 55. Ke3 Ra4 56. Bd1 Re4+ 57. Kf3 Kg5 58. Bc2 Rc4 59. Bd3 Rc3 60. Rd7 Rc5 61. Rd8 Ra5 62. Ke3 Re5+ 63. Kf3 Ra5 64. Rc8 Ra3 65. Ke3 Ra5 66. Rg8+ Kf6 67. Kd4 Ra4+ 68. Kd5 Ra5+ 69. Kd4 Ra4+ 70. Bc4 Ra5 71. Bd5 Ra4+ 72. Kc5 Ra5+ 73. Kd6 Ra6+ 74. Bc6 Ra5 75. Rg1 Re5 76. Bd7 Ra5 77. Rg8 Ra6+ 78. Kd5 Ra5+ 79. Kd4 Ke7 80. Bc8 Kf6 81. Rf8+ Kg5 82. Be6 Kf4 83. Rg8 Ra4+ 84. Bc4 Ra5 85. Rg1 Ra4 86. Rf1+ Kg5 87. Kd5 Kf6 88. Rb1 Ra5+ 89. Kd6 Re5 90. Rb8 Ra5 91. Rg8 Ra4 92. Rc8 Ra5 93. Bd3 Ra3 94. Bb5 Ra5 95. Rb8 Ra1 96. Rf8+ Kg5 97. Bd7 Ra6+ 98. Ke7 Ra5 99. Rg8+ Kf4 100. Kf6 Ke4 101. Re8+ Kf4 102. Re1 Ra6+ 103. Be6 Ra5 104. Rf1+ Ke4 1/2-1/2